00623nai a2200157Ia 4500003000900000008004100009022002200050040001600072245005100088260005100139362002600190521006900216650003000285650005700315856009300372IN-BaIIA211028c9999 xx s 000 0 eng d a2708-6240 (Print) cIIA Library 0aIntelligent and Converged Networksh[eJournal] aBeijing, ChinabTsinghua University Press(TUP) a1(1); 2020 - Present  bSubscribed through National Knowledge Resource Consortium (NKRC) a Computing and Processing aCommunication, Networking and Broadcast Technologies uhttps://ieeexplore.ieee.org/servlet/opac?punumber=9195266yClick Here to Access eJournal